LIBRARY & INFORMATION CENTRE, KCAET, TAVANUR

ONLINE PUBLIC ACCESS CATALOGUE (OPAC)

planning and economic policy in India (Record no. 11253)

MARC details
000 -LEADER
fixed length control field 00430cam a2200169ua 4500
041 ## - LANGUAGE CODE
Language code of text/sound track or separate title eng
082 ## - DEWEY DECIMAL CLASSIFICATION NUMBER
Classification number 338.9
Item number GAD/PL
100 ## - MAIN ENTRY--AUTHOR NAME
Personal name D . R. Gadgil, Gadgil .
245 ## - TITLE STATEMENT
Title planning and economic policy in India
260 ## - PUBLICATION, DISTRIBUTION, ETC. (IMPRINT)
Place of publication Asia :
Name of publisher Gokhale Institute politics and economics, pub ,
Year of publication 1962.
300 ## - PHYSICAL DESCRIPTION
Number of Pages 272 ; .
942 ## - ADDED ENTRY ELEMENTS (KOHA)
Koha item type Books
Holdings
Withdrawn status Lost status Damaged status Home library Current library Date acquired Full call number Accession Number Koha item type
Withdrawn     KAUAET Sanskrit University 07/04/2012 338.9 4255 Books
free website counter